| 000 | 00891 a2200217 4500 | ||
|---|---|---|---|
| 003 | Nust | ||
| 005 | 20221213114434.0 | ||
| 010 | _a 92010476 | ||
| 020 | _a0130485136 : | ||
| 040 | _cNust | ||
| 082 | 0 | 0 | _a621.3822,JOH |
| 100 | 1 |
_aJohnson, Don H. _9104708 |
|
| 245 | 1 | 0 |
_aArray signal processing : _bconcepts and techniques / _cDon H. Johnson, Dan E. Dudgeon. |
| 260 |
_aEnglewood Cliffs, NJ : _bP T R Prentice Hall, _cc1993. |
||
| 300 |
_axiii, 533 p. : _bill. ; _c25 cm. |
||
| 440 | 0 |
_aPrentice-Hall signal processing series _9102988 |
|
| 505 | _aIntroduction (Page-1), Signals in Space and Time (Page- 9), Apertures and Arrays (Page-59), Beamforming (Page-111), Detection Theory (Page-199), Estimation Theory (Page-266), Adaptive Array Processing (Page-349), Tracking (Page-424). | ||
| 650 | 0 | _aTelecommunication engineering | |
| 700 | 1 |
_aDudgeon, Dan E. _9104709 |
|
| 942 |
_cBK _2ddc |
||
| 999 |
_c175778 _d175778 |
||